000 00201 a2200097 4500
001 41225
100 _aPaye, M
245 _aUnpersoned
260 _aLondon
_bChampman & Hall
_c
090 _c25444
_d25444
942 _aNUST-CAE
_cM
_c17163
999 _c276298
_d276298